000 01041cam a22002771 4500
001 ne 63001788
003 DLC
005 20260227111749.0
008 750716s1958 xx 000 0 tur
010 _ane 63001788
035 _a(OCoLC)1451426
040 _aDLC
_cPPT
_dOCoLC
_dTxU
_dDLC
042 _apremarc
050 0 0 _aPL248
_b.K54 1958
130 0 _aKitab-ı Dede Korkut.
245 1 0 _aDede Korkut Kitabı.
_c[Hazırlayan] Muharrem Ergin.
260 _aAnkara,
_bTürk Tarih Kurumu Basımevi,
_c1958-
300 _av.
_bfacsims.
_c25 cm.
490 1 _aTürk Dil Kurumu yayınlarından, sayı 1969
500 _aVol. 1 contains facsims. of the mss. located at the Dresden Library (Ea 86) and the Vatican Library (Turco 102)
505 0 _aGiriş. Metin. Faksimile.
700 1 _aErgin, Muharrem,
_eed.
710 2 _aBiblioteca apostolica vaticana.
_kMss.
_t(Turco 102)
710 2 _aSächsische Landesbibliothek (Dresden, Germany).
_kMss.
_t(Ea 86)
810 2 _aTürk Dil Kurumu.
_tTürk Dil Kurumu yayınlarından ;
_vsayı 169.
999 _c46227
_d46227